La cocinera del campo y de la ciudad o, Nueva cocinera económica. Tercera edición española, traducida de la 31a. francesa y aumentada en la parte que se refiere a la cocina española

Saved in:
Bibliografiske detaljer
Hovedforfatter: Altimiras, Juan (Author)
Format: Bog
Sprog:spansk
Udgivet: Madrid Imprenta y Librería Universo 1869
Udgivelse:3a. ed
Fag:
Tags: Tilføj Tag
Ingen Tags, Vær først til at tagge denne postø!

MARC

LEADER 00000nam a2200000 a 4500
001 UCJ6709
003 CL-VaPUC
008 070124e18690000SP |||||||||||||||||spa|d
082 0 4 |a 641  |b ALT  |2 21 
100 0 |a Altimiras, Juan  |e author  |9 513914 
245 1 3 |a La cocinera del campo y de la ciudad o, Nueva cocinera económica. Tercera edición española, traducida de la 31a. francesa y aumentada en la parte que se refiere a la cocina española 
250 |a 3a. ed 
300 |a 595 p 
942 |c BK 
945 |d 20070124 00:00:00  |a rinostro 
260 |a Madrid  |b Imprenta y Librería Universo  |c 1869 
500 |a Primera hoja, mutilada 
650 0 |a Arte culinario   |9 394544 
650 0 |a Cocina   |9 328037 
650 7 |a PASTELERIA  |2 CL-VaPUC  |9 513915 
650 0 |a Vinos  |9 389604 
650 7 |a ETIQUETA  |2 CL-VaPUC  |9 439545 
650 7 |a HIGIENE  |2 CL-VaPUC  |9 513916 
650 0 |a Alimentos  |9 256203 
650 7 |a BEBIDAS  |2 CL-VaPUC  |9 259560 
583 |a last modification  |c 20121221 10:39:00  |k Rodrigo Vera 
999 |c 322811  |d 322809 
952 |0 0  |1 0  |4 0  |6 641_000000000000000_ALT_1869  |7 0  |8 X  |9 401901  |a FDOBUD  |b FDOBUD  |d 2019-11-22  |i 1005022  |o 641 ALT 1869  |p 1005022  |r 2019-11-22  |w 2019-11-22  |y BK_X  |k BUD